Assessment of the effectiveness of the Local Government Service Commission in manpower planning and recruitment in Zambia (Record no. 35104)

MARC details
000 -LEADER
fixed length control field 00760nam a2200181 a 4500
008 - FIXED-LENGTH DATA ELEMENTS--GENERAL INFORMATION
fixed length control field 180208s2016 ||||||||||||||||| || u
050 ## - LIBRARY OF CONGRESS CALL NUMBER
Classification number CBU-PG THESIS/BWA
100 ## - MAIN ENTRY--PERSONAL NAME
Personal name Bwalya, Wisdom
245 10 - TITLE STATEMENT
Title Assessment of the effectiveness of the Local Government Service Commission in manpower planning and recruitment in Zambia
Statement of responsibility, etc. by Wisdom Bwalya
260 ## - PUBLICATION, DISTRIBUTION, ETC.
Place of publication, distribution, etc. Kitwe
Name of publisher, distributor, etc. Copperbelt University
Date of publication, distribution, etc. 2016
300 ## - PHYSICAL DESCRIPTION
Extent xi, 76p.: ill.
500 ## - GENERAL NOTE
General note Bibliography
650 ## - SUBJECT ADDED ENTRY--TOPICAL TERM
Topical term or geographic name entry element MANPOWER PLANNING--ZAMBIA--LOCAL GOVERNMENT
650 ## - SUBJECT ADDED ENTRY--TOPICAL TERM
Topical term or geographic name entry element EMPLOYMENT FORECASTING
650 ## - SUBJECT ADDED ENTRY--TOPICAL TERM
Topical term or geographic name entry element EMPLOYEE RETENTION
650 ## - SUBJECT ADDED ENTRY--TOPICAL TERM
Topical term or geographic name entry element EMPLOYEES--RECRUITING
995 ## - RECOMMENDATION 995 [LOCAL, UNIMARC FRANCE]
-- CBU-MAIN LIBRARY (Kitwe)
-- 1
-- AVAILABLE
-- Feb 8, 2018
-- University Collection
Holdings
Withdrawn status Lost status Source of classification or shelving scheme Damaged status Not for loan Home library Current library Shelving location Date acquired Total Checkouts Full call number Barcode Date last seen Price effective from Koha item type
          CBU-MAIN LIBRARY, KITWE. CBU-MAIN LIBRARY, KITWE.   11/30/2022   CBU-PG THESIS/BWA 748224 11/30/2022 11/30/2022 MONOGRAPH